| 000 | 01759nam0a2200373 4500 | ||
|---|---|---|---|
| 001 | RU\NLR\bibl\1471620 | ||
| 005 | 20260405191057.0 | ||
| 010 |
_a978-5-91789-002-9 _9100 |
||
| 021 |
_aRU _b2009-101921 _96486 |
||
| 035 | _a(nilc)RSL-KNO-004498553 | ||
| 035 | _a(NLR Aleph) 001463315 | ||
| 090 |
_a1597220 _c1597220 |
||
| 100 | _a20091221d2009 |||y0rusy50 ca | ||
| 101 | 0 | _arus | |
| 102 | _aRU | ||
| 105 | _aa zzzz||||| | ||
| 200 | 1 |
_aИнвестиционная деятельность индустрии гостеприимства территориального образования туристско-рекреационной специализации _fБаранова А. Ю. |
|
| 210 |
_aСочи _cИП Кривлякин С. П. _d2009 |
||
| 215 |
_a116 с. _cил., табл. _d21 |
||
| 320 | _aБиблиогр.: с. 114-116 | ||
| 606 | 1 |
_aГостинично-туристские комплексы _yРоссийская Федерация _92497825 _3RU\NLR\auth\661481659 |
|
| 606 | 1 |
_aГостиничное хозяйство _xИнвестиции капитала _yРоссийская Федерация _92299210 _3RU\NLR\auth\661376624 |
|
| 606 | 1 |
_aТуризм _xИнвестиции капитала _yРоссийская Федерация _92592636 _3RU\NLR\auth\661532057 |
|
| 686 |
_aЧ518.14(2Р)к7,0 _2rubbk |
||
| 686 | _aУ44(2)135.7-56 | ||
| 686 | _aЧ518.14(2Р)к | ||
| 700 | 1 |
_4070 _7ca _8rus _aБаранова _bА. Ю. _cканд. экон. наук _gАлла Юрьевна _966088 _3RU\NLR\auth\7783160 |
|
| 801 | 0 |
_aRU _bRuMoRGB _c20091221 _grcr |
|
| 801 | 1 |
_aRU _bRuMoRGB _c20091221 |
|
| 801 | 2 |
_aRU _bNLR _c20100210 _grcr |
|
| 830 | _aавт. по кн. | ||
| 942 | _cBOOK | ||
| 980 | _aNB | ||